00333nam a2200121Ia 4500008004000000082001600040100003500056245001300091250000500104260003900109300001300148650005000161210210b1978 xxu||||| |||| 00| 0 eng d a574.87 VERC aVERMA (P S) and AGARWAL (V K). aCytology a aN DelhibS. Chand & Co. Ltd.c1978 aviii,495 aCytology Cell Biology and Molecular Biology